
Library Catalogue

| 000 -LEADER | |
|---|---|
| fixed length control field | 01878nam a2200229Ia 4500 |
| 003 - CONTROL NUMBER IDENTIFIER | |
| control field | OSt |
| 005 - DATE AND TIME OF LATEST TRANSACTION | |
| control field | 20210913170022.0 |
| 008 - FIXED-LENGTH DATA ELEMENTS--GENERAL INFORMATION | |
| fixed length control field | 160316s2004 xxu||||| |||| 00| 0 eng d |
| 020 ## - INTERNATIONAL STANDARD BOOK NUMBER | |
| International Standard Book Number | 9780199274970 |
| 020 ## - INTERNATIONAL STANDARD BOOK NUMBER | |
| International Standard Book Number | 0199274975 |
| 040 ## - CATALOGING SOURCE | |
| Transcribing agency | nls |
| 082 ## - DEWEY DECIMAL CLASSIFICATION NUMBER | |
| Classification number | 340.100000 |
| Item number | LAC-2 |
| 100 ## - MAIN ENTRY--PERSONAL NAME | |
| Personal name | Lacey Nicola |
| 245 ## - TITLE STATEMENT | |
| Title | A life of H L A Hart : The nightmare and the noble dream |
| 260 ## - PUBLICATION, DISTRIBUTION, ETC. | |
| Place of publication, distribution, etc. | Oxford |
| Name of publisher, distributor, etc. | Oxford University Press |
| Date of publication, distribution, etc. | 2004 |
| 300 ## - PHYSICAL DESCRIPTION | |
| Extent | 422p |
| Dimensions | xvii |
| 365 ## - TRADE PRICE | |
| Price amount | Rs.2,2235 |
| 505 ## - FORMATTED CONTENTS NOTE | |
| Formatted contents note | Contents:<br/>Acknowledgements IX;<br/>List of illustrations XV;<br/>Biographer's Note on Approach and Sources XVII;<br/>Introduction: An Outsider on the Inside 1;<br/>Part I: North and South:<br/>1: Harrogate, Cheltenham, Bradford 11;<br/>2: An Oxford Scholar 22;<br/>3: Success Snatched from Defeat: London and the Bar 40;<br/>Part II: Change and Continuity:<br/>4: Jenifer 61;<br/>5: From the Inns of Court to Military Intelligence: MI5, Marriage, and Fatherhood 83;<br/>6: Oxford from the Other Side of the Fence 112;<br/>Part III: The Golden Age: <br/>7: Selling Philosophy to the Lawyers: The Chair of Jurisprudence 115;<br/>8: American Jurisprudence through English Eyes: Harvard 1956-7 179;<br/>9: Law in the Perspective of Philosophy: Causation in Law, The Concept of Law 209;<br/>10: West and East, California and Israel: Law, Liberty, and Morality; Kelsen Visited; The Morality of the Criminal Law 243; <br/>11: Discipline, Punishment, and Responsibility 272;<br/>Part IV: After the Chair:<br/>12: Old Turks and Young Fogeys: Bentham and Brasenose 197;<br/>13: The Nightmare and the Noble Dream 328;<br/>Notes 365; <br/>Bibliography: HLA Hart 394;<br/>Bibliography: Other authors 394; <br/>List of Interviewees 403;<br/>Biographical details on figures appearing in the book 404;<br/>Index 411.<br/> |
| 650 ## - SUBJECT ADDED ENTRY--TOPICAL TERM | |
| Topical term or geographic name entry element | 1. Hart, H. L. A - 19072. Law - Philosophy - History - 20th Century3. Lawyers - Biography - England |
| 700 ## - ADDED ENTRY--PERSONAL NAME | |
| Personal name | |
| -- | |
| 942 ## - ADDED ENTRY ELEMENTS (KOHA) | |
| Source of classification or shelving scheme | Dewey Decimal Classification |
| Koha item type | BOOKs |
| Withdrawn status | Lost status | Source of classification or shelving scheme | Damaged status | Not for loan | Home library | Current library | Shelving location | Date acquired | Cost, normal purchase price | Total Checkouts | Total Renewals | Full call number | Barcode | Date last seen | Date last checked out | Price effective from | Koha item type |
|---|---|---|---|---|---|---|---|---|---|---|---|---|---|---|---|---|---|
| Dewey Decimal Classification | NLS | NLS | General Stacks | 30/05/2017 | 22235.00 | 3 | 8 | 340.1 LAC-2 | 21191 | 03/05/2026 | 10/04/2026 | 30/05/2017 | BOOKs |